000
00261nam a2200109Ia 4500
001
588634
005
20250717120835.0
008
250717s9999 xx 000 0 und d
245
0
_a
V-5 SINAV KORKUSU
_c
FANNY JOLY
260
_b
ERDEM YAYINLARI
_c
2017
300
_b
48
999
_c
588634
_d
588634